| 000 | 00623nam a2200181Ia 4500 | ||
|---|---|---|---|
| 003 | GCL | ||
| 008 | 140319s9999 xx 000 0 ara d | ||
| 040 |
_aGCL / _cGCL |
||
| 082 | 0 | 4 |
_a414 _bا ا |
| 100 | 1 | _aامين الخولى | |
| 245 | 1 | 0 |
_aالاعمال الكاملة : مناهج تجديد فى النحو والبلاغة والتفسير والادب / _cامين الخولى |
| 260 |
_aالقاهرة : _bالهيئة المصرية العامة للكتاب ، _c1995 |
||
| 300 |
_a283 ص ؛ _c24 سم |
||
| 490 | _a | ||
| 650 | 0 | 4 | _aالادب العربى |
| 650 | 0 | 4 | _aالبلاغة |
| 942 |
_2ddc _cBK |
||
| 999 |
_c39213 _d39213 |
||